10 największych miast w zachodniopomorskim - Statystyki

Ogólne statystyki
  • Ten quiz został rozwiązany 131 razy
  • Średni wynik to 7 z 10
Statystyki odpowiedzi
Liczba ludności Miasto % Poprawnych
402 067 Szczecin
100%
107 225 Koszalin
87%
40 883 Świnoujście
86%
46 309 Kołobrzeg
82%
67 795 Stargard
71%
40 016 Szczecinek
63%
32 575 Police
61%
25 312 Wałcz
46%
22 284 Goleniów
43%
24 250 Białogard
33%
Nie znaleziono quizów pasujących do podanych kryteriów
Rozkład punktacji
Procent ludzi z każdym wynikiem
Percentyl według liczby udzielonych odpowiedzi
Twoja historia wyników
Nie rozwiązałeś tego quizu